[Event "BL2-Sued 9900"]
[Site "Germany"]
[Date "2000.04.09"]
[Round "9.5"]
[White "Osorio Ortiz, Marcos Eduardo"]
[Black "Ter Minasjan, Dmitry"]
[Result "0-1"]
[WhiteElo "2289"]
[BlackElo "2292"]
[PlyCount "92"]
[EventDate "1999.10.10"]
[EventType "team-tourn"]
[EventRounds "9"]
[EventCountry "GER"]
[SourceTitle "CBM 075 Extra"]
[Source "ChessBase"]
[SourceDate "2000.05.11"]
[SourceVersion "2"]
[SourceVersionDate "2000.05.11"]
[SourceQuality "1"]
[WhiteTeam "Sindelfingen"]
[BlackTeam "Pasing"]
[WhiteTeamCountry "GER"]
[BlackTeamCountry "GER"]

1. e4 c6 2. Nc3 g6 3. d4 d5 4. f3 Bg7 5. Be3 Qb6 6. Qd2 Qxb2 7. Rb1 Qa3 8. exd5 Nf6 9. Bc4 0-0 10. dxc6 Nxc6 11. Nge2 a6 12. 0-0 b5 13. Bb3 Na5 14. Ne4 Bb7 15. Nc5 Bd5 16. Bh6 Rfd8 17. Bxg7 Kxg7 18. Qe3 Nc4 19. Qd3 Nb6 20. Qe3 Ra7 21. Rfe1 Na4 22. Ne4 Rc7 23. Qf4 Rc6 24. Rbd1 Qb4 25. N4g3 Nb2 26. c3 Qa5 27. Rd2 Na4 28. Bxa4 Qxa4 29. Qg5 Kh8 30. Nf4 Qa3 31. Rde2 Qxc3 32. Rxe7 Qxd4+ 33. Kh1 Bxa2 34. h4 Rc5 35. Qh6 Rg8 36. Ne4 Nxe4 37. Nxg6+ Rxg6 38. Re8+ Rg8 39. Rxg8+ Kxg8 40. Rxe4 Qa1+ 41. Kh2 Rc8 42. Rg4+ Kh8 43. Qxa6 Qe5+ 44. f4 Qe6 45. Qxe6 Bxe6 46. f5 Bxf5 0-1

[Event "BL2-Sued 9900"]
[Site "Germany"]
[Date "2000.03.26"]
[Round "8.5"]
[White "Ter Minasjan, Dmitry"]
[Black "Oberst, Thomas"]
[Result "1-0"]
[WhiteElo "2292"]
[BlackElo "2275"]
[PlyCount "69"]
[EventDate "1999.10.10"]
[EventType "team-tourn"]
[EventRounds "9"]
[EventCountry "GER"]
[SourceTitle "CBM 075 Extra"]
[Source "ChessBase"]
[SourceDate "2000.05.11"]
[SourceVersion "2"]
[SourceVersionDate "2000.05.11"]
[SourceQuality "1"]
[WhiteTeam "Pasing"]
[BlackTeam "Ulm"]
[WhiteTeamCountry "GER"]
[BlackTeamCountry "GER"]

1. d4 b5 2. e4 Bb7 3. Bxb5 Bxe4 4. Nf3 c6 5. Bc4 d5 6. Bb3 e6 7. 0-0 Bd6 8. Nbd2 Bf5 9. Re1 Ne7 10. c4 0-0 11. Nf1 h6 12. Ne5 Nd7 13. Bf4 dxc4 14. Bxc4 Nb6 15. Bb3 Nbd5 16. Bg3 c5 17. Ne3 Nxe3 18. Rxe3 Rc8 19. dxc5 Bxc5 20. Re2 Qa5 21. Nc4 Qa6 22. Rd2 Bb4 23. Nd6 Rcd8 24. Nxf5 Rxd2 25. Nxe7+ Kh8 26. Qc1 Qb7 27. Nc6 Rc8 28. Ba4 Qa6 29. b3 Qe2 30. Qf1 Rxa2 31. Rxa2 Qxa2 32. Nxb4 Qb2 33. Nc6 f5 34. h3 Qd2 35. Qc4 1-0

[Event "BL2-Sued 9900"]
[Site "Germany"]
[Date "2000.02.20"]
[Round "6.5"]
[White "Ter Minasjan, Dmitry"]
[Black "Carbonnel, Pierre"]
[Result "1-0"]
[WhiteElo "2292"]
[BlackElo "2222"]
[PlyCount "85"]
[EventDate "1999.10.10"]
[EventType "team-tourn"]
[EventRounds "9"]
[EventCountry "GER"]
[SourceTitle "CBM 075 Extra"]
[Source "ChessBase"]
[SourceDate "2000.05.11"]
[SourceVersion "2"]
[SourceVersionDate "2000.05.11"]
[SourceQuality "1"]
[WhiteTeam "Pasing"]
[BlackTeam "Viernheim"]
[WhiteTeamCountry "GER"]
[BlackTeamCountry "GER"]

1. Nf3 Nf6 2. c4 e6 3. Nc3 d5 4. d4 Bb4 5. Bg5 dxc4 6. e4 c5 7. d5 exd5 8. exd5 Bxc3+ 9. bxc3 Qxd5 10. Qxd5 Nxd5 11. 0-0-0 Nf6 12. Re1+ Be6 13. Bxc4 Kd7 14. Ne5+ Kc7 15. Bxe6 fxe6 16. Nd3 Nbd7 17. Bf4+ e5 18. Nxe5 Nh5 19. Nd3+ Nxf4 20. Nxf4 Rae8 21. Ne6+ Kd6 22. Nxg7 Rxe1+ 23. Rxe1 Ne5 24. Rd1+ Kc6 25. Nf5 Rf8 26. Ne7+ Kb5 27. f3 Nc4 28. Nd5 Ka4 29. Re1 Rd8 30. Re4 b5 31. Ne3 Rd3 32. Nxc4 bxc4 33. Kc2 Kb5 34. a4+ Kc6 35. Rxc4 Rd7 36. Re4 Rg7 37. g3 Rf7 38. f4 Kd5 39. Kd3 Rb7 40. Re5+ Kd6 41. Kc4 Rb2 42. Rd5+ Ke6 43. Rh5 1-0

[Event "BL2-Sued 9900"]
[Site "Germany"]
[Date "2000.01.30"]
[Round "5.6"]
[White "Ter Minasjan, Dmitry"]
[Black "Duschek, Volker"]
[Result "1/2-1/2"]
[WhiteElo "2292"]
[BlackElo "2251"]
[PlyCount "96"]
[EventDate "1999.10.10"]
[EventType "team-tourn"]
[EventRounds "9"]
[EventCountry "GER"]
[SourceTitle "CBM 074 Extra"]
[Source "ChessBase"]
[SourceDate "2000.03.10"]
[SourceVersion "2"]
[SourceVersionDate "2000.03.10"]
[SourceQuality "1"]
[WhiteTeam "Pasing"]
[BlackTeam "Karlsruhe"]
[WhiteTeamCountry "GER"]
[BlackTeamCountry "GER"]

1. Nf3 Nf6 2. c4 g6 3. Nc3 Bg7 4. d4 0-0 5. e4 d6 6. Be2 e5 7. 0-0 Nc6 8. d5 Ne7 9. b4 Ne8 10. c5 f5 11. Nd2 Nf6 12. f3 f4 13. Nc4 g5 14. a4 Ng6 15. a5 Rf7 16. c6 b6 17. axb6 cxb6 18. Nb5 Bf8 19. c7 Rxc7 20. Nxc7 Qxc7 21. Bd2 g4 22. Qc2 g3 23. Rfc1 Nh5 24. Be1 b5 25. Nd2 Qb6+ 26. Kh1 gxh2 27. Kxh2 Ng3 28. Nf1 Qd8 29. Kg1 Qh4 30. Nh2 Bd7 31. Qd2 Be7 32. Bf2 Bd8 33. Rxa7 Rxa7 34. Bxa7 Qg5 35. Ra1 Nh4 36. Bf1 Kf7 37. Ra2 h5 38. Qe1 Ng6 39. Ra6 Bc7 40. Bb6 Qd8 41. Qf2 Nf8 42. Ba5 Qc8 43. Qa7 Bb8 44. Qb6 Qc1 45. Qf2 Qc8 46. Qb6 Qc1 47. Qf2 Qc8 48. Qb6 Qc1 1/2-1/2